| 000 | 00580nam a2200205Ii 4500 | ||
|---|---|---|---|
| 001 | 5353 | ||
| 003 | CO-ViMGA | ||
| 008 | 241108s9999||||xx |||||||||||||| ||und|| | ||
| 040 |
_aCO-ViMGA _bspa _erda _cCO-ViMGA |
||
| 041 | 0 | _aunk | |
| 082 | 0 | 4 | _a813-B118i |
| 100 | 1 | _aRichard Bach | |
| 245 | 1 | 0 | _aIlusiones |
| 264 | 1 | _a[Lugar de publicación no identificado] : Círculo de Lectores, 1977 | |
| 300 | _avolumen | ||
| 336 |
_atext _btxt _2rdacontent |
||
| 337 |
_aunmediated _bn _2rdamedia |
||
| 338 |
_avolume _bnc _2rdacarrier |
||
| 940 | _aidficha_siabuc: 5210. -- ficha_no_siabuc:5353 | ||
| 999 |
_c54961 _d54961 |
||